Tables numériques universelles des laboratoires et bureaux d'etude

Saved in:
Bibliografiske detaljer
Hovedforfatter: Boll, Marcel (Author)
Format: Bog
Sprog:fransk
Udgivet: París Dunod 1964
Udgivelse:3a. ed
Fag:
Tags: Tilføj Tag
Ingen Tags, Vær først til at tagge denne postø!

MARC

LEADER 00000nam a2200000 a 4500
001 UCP0305
003 CL-VaPUC
008 990305e19640000FR |||||||||||||||||fre|d
082 0 4 |a 510.212  |b BOL  |2 21 
100 0 |a Boll, Marcel  |e author  |9 425475 
245 1 0 |a Tables numériques universelles des laboratoires et bureaux d'etude 
250 |a 3a. ed 
300 |a 901 p 
942 |c BK 
945 |d 19990305 00:00:00  |a crobeson 
260 |a París  |b Dunod  |c 1964 
650 7 |a TABLAS MATEMATICAS  |2 CL-VaPUC  |9 260265 
650 7 |a TABLAS NUMERICAS UNIVERSALES  |2 CL-VaPUC  |9 425476 
650 7 |a OPERACIONES ARITMETICAS  |2 CL-VaPUC  |9 422079 
650 7 |a EXPRESIONES TRIGONOMETRICAS  |2 CL-VaPUC  |9 425477 
650 7 |a EXPONENCIALES  |2 CL-VaPUC  |9 425478 
583 |a last modification  |c 19990305 00:00:00  |k Rodrigo Vera 
999 |c 279131  |d 279129 
952 |0 0  |1 0  |4 0  |6 510_212000000000000_BOL_1964  |7 0  |8 A  |9 318050  |a BIBMAT  |b BIBMAT  |d 2019-11-20  |i 1323741  |o 510.212 BOL 1964  |p 1323741  |r 2025-01-07  |w 2019-11-20  |y BK  |k MAT